[Event "Brno CEZ Talent"]
[Site "?"]
[Date "2013.08.25"]
[Round "1"]
[White "Zuziak, Petr"]
[Black "Pekar, Vaclav"]
[Result "0-1"]
[WhiteElo "1713"]
[BlackElo "2146"]
[PlyCount "48"]
[EventDate "2013.08.25"]

1. Nf3 f5 2. g3 Nf6 3. Bg2 e6 4. O-O Be7 5. d3 O-O 6. Nbd2 d6 7. e3 Nc6 8. c4
Qe8 9. a3 e5 10. e4 Kh8 11. b4 fxe4 12. dxe4 Qh5 13. Bb2 Bg4 14. Qb3 Nxe4 15.
Nxe4 Bxf3 16. b5 Nd8 17. c5 Bxg2 18. Kxg2 Qf5 19. cxd6 Bxd6 20. Nxd6 cxd6 21.
Rad1 Rc8 22. Bc1 Ne6 23. Be3 Qf3+ 24. Kg1 Nd4 0-1

[Event "Brno CEZ Talent"]
[Site "?"]
[Date "2013.08.25"]
[Round "1"]
[White "Cizinsky, Petr"]
[Black "Eichler, Bretislav"]
[Result "1-0"]
[WhiteElo "2145"]
[BlackElo "1701"]
[PlyCount "61"]
[EventDate "2013.08.25"]

1. e4 c5 2. Nf3 Nc6 3. Nc3 d6 4. d4 cxd4 5. Nxd4 g6 6. Be3 Bg7 7. Qd2 Bd7 8.
O-O-O Nxd4 9. Bxd4 Bxd4 10. Qxd4 Nf6 11. Nd5 O-O 12. Nxf6+ exf6 13. Qxd6 Be6
14. Qxd8 Rfxd8 15. Rxd8+ Rxd8 16. b3 Kf8 17. Bd3 Ke7 18. Rd1 Rc8 19. Kb2 Rc7
20. c3 Bc8 21. Bc4 a6 22. Bd5 g5 23. Rd4 h5 24. b4 h4 25. a4 Bd7 26. a5 f5 27.
Kb3 fxe4 28. Rxe4+ Kf6 29. Rc4 Rxc4 30. Kxc4 Ke5 31. Bxb7 1-0

[Event "Brno CEZ Talent"]
[Site "?"]
[Date "2013.08.25"]
[Round "1"]
[White "Effenberger, Adam"]
[Black "Meszaros, Ludek"]
[Result "1/2-1/2"]
[WhiteElo "1700"]
[BlackElo "2106"]
[PlyCount "109"]
[EventDate "2013.08.25"]

1. e4 e5 2. Nf3 Nc6 3. Bc4 Nf6 4. d3 h6 5. Nc3 d6 6. Be3 Be7 7. Qd2 Ng4 8. h3
Nxe3 9. fxe3 Be6 10. Nd5 Bxd5 11. Bxd5 Qd7 12. O-O O-O 13. Rf2 Nd8 14. Raf1 c6
15. Bb3 Ne6 16. a3 Bf6 17. c3 d5 18. exd5 cxd5 19. e4 dxe4 20. dxe4 Qe7 21. Rd1
Rad8 22. Qc2 Rxd1+ 23. Qxd1 Rd8 24. Rd2 Qc5+ 25. Kh1 Rxd2 26. Qxd2 Ng5 27. Qd7
Qc6 28. Qxc6 bxc6 29. Nxg5 Bxg5 30. Ba4 c5 31. c4 Bc1 32. Bc6 Bxb2 33. a4 Kf8
34. g4 Ke7 35. Kg2 Kd6 36. Be8 f6 37. Kf3 Ke7 38. Bg6 Bd4 39. h4 Kd6 40. Ke2
Kc6 41. Be8+ Kb6 42. h5 Ka5 43. Kd3 Kb4 44. Bd7 Kb3 45. Be8 Kb2 46. Kd2 Bc3+
47. Kd3 Ba5 48. Bd7 Kc1 49. Be8 Kd1 50. Bd7 Ke1 51. Be6 Kf2 52. Bd7 Kf3 53. Be6
Kf4 54. Bf5 Kg5 55. Ke3 1/2-1/2

[Event "Brno CEZ Talent"]
[Site "?"]
[Date "2013.08.25"]
[Round "1"]
[White "Dobes, Vojtech"]
[Black "Navratilova, Alena"]
[Result "1-0"]
[WhiteElo "2105"]
[BlackElo "1684"]
[PlyCount "49"]
[EventDate "2013.08.25"]

1. e4 e6 2. d4 d5 3. exd5 exd5 4. c4 Bb4+ 5. Nc3 Qe7+ 6. Be2 dxc4 7. Nf3 Nf6 8.
O-O O-O 9. Bg5 Bxc3 10. bxc3 b5 11. a4 c6 12. Ne5 Bb7 13. Bf3 a6 14. axb5 cxb5
15. Re1 Bxf3 16. Qxf3 Nbd7 17. Ng6 Qd8 18. Nxf8 Kxf8 19. Qc6 Qc8 20. Qd6+ Kg8
21. Re7 h6 22. Bxf6 Nxf6 23. f3 Ne8 24. Qd5 Nf6 25. Qxf7+ 1-0

[Event "Brno CEZ Talent"]
[Site "?"]
[Date "2013.08.25"]
[Round "1"]
[White "von Keyserlingk, Chanda"]
[Black "Cip, Dalibor"]
[Result "1/2-1/2"]
[WhiteElo "1673"]
[BlackElo "2103"]
[PlyCount "103"]
[EventDate "2013.08.25"]

1. d4 Nf6 2. c4 c5 3. d5 e6 4. Nc3 exd5 5. Nxd5 Nxd5 6. cxd5 d6 7. e4 Be7 8.
Nf3 O-O 9. Bd3 Nd7 10. O-O Re8 11. Re1 Bf6 12. Rb1 a6 13. Bf4 Nf8 14. e5 dxe5
15. Nxe5 Ng6 16. Nxg6 Rxe1+ 17. Qxe1 hxg6 18. d6 Be6 19. b3 Qd7 20. Qa5 Bf5 21.
Rd1 Rc8 22. Bxf5 gxf5 23. Be3 Bd8 24. Qe1 b5 25. Qe2 Rc6 26. Qd3 c4 27. bxc4
bxc4 28. Qd5 c3 29. Bc1 c2 30. Rd3 Rb6 31. Qc5 Rc6 32. Qd5 {(R)} Bb6 33. Kf1
Rc8 34. Qb3 Bc5 35. Rc3 Bxd6 36. Qxc2 Rxc3 37. Qxc3 Bxh2 38. g3 {(R)} Qd5 39.
Bb2 Qh1+ 40. Ke2 Qe4+ 41. Kd2 f6 42. Qc8+ Kh7 43. Qxa6 f4 44. g4 Qg2 45. Qd3+
Kh6 46. Qe2 f3 47. Qe3+ g5 48. Qb6 Bf4+ 49. Kc2 Qxg4 50. Qxf6+ Kh5 51. Qh8+ Kg6
52. Qf6+ {(R)} 1/2-1/2

[Event "Brno CEZ Talent"]
[Site "?"]
[Date "2013.08.25"]
[Round "1"]
[White "Musil, Jiri"]
[Black "Lisik, Miroslav"]
[Result "1-0"]
[WhiteElo "2092"]
[BlackElo "1667"]
[PlyCount "107"]
[EventDate "2013.08.25"]

1. d4 Nf6 2. c4 g6 3. Nc3 Bg7 4. e4 d6 5. Nf3 O-O 6. Be2 Bg4 7. O-O Nc6 8. Be3
Nd7 9. d5 Bxf3 10. Bxf3 Nce5 11. Be2 Nb6 12. Bd4 c5 13. dxc6 bxc6 14. f4 c5 15.
Bxe5 dxe5 16. f5 Qd4+ 17. Kh1 Rfd8 18. Qb3 Qd7 19. Rad1 Qc6 20. Nd5 Nxd5 21.
cxd5 Qb6 22. Bc4 Rd6 23. g4 Rb8 24. Qxb6 axb6 25. a4 Bf6 26. Rd3 Bg5 27. Rb3
Bd2 28. Rf2 Bb4 29. h4 f6 30. g5 Kg7 31. Rh3 Rh8 32. h5 h6 33. gxf6+ Rxf6 34.
hxg6 Rd6 35. Kg2 Ra8 36. Bb5 Rf8 37. Kf1 Rfd8 38. Ke2 Rf8 39. Rfh2 Rh8 40. Rh1
Ba5 41. Kd3 Bb4 42. Kc4 Ba5 43. R3h2 Bb4 44. Bc6 Rdd8 45. Kb5 Ba5 46. Rd1 Rd6
47. Kc4 Rhd8 48. Rxh6 Kxh6 49. Rh1+ Kg7 50. Rh7+ Kf8 51. Rf7+ Kg8 52. Rxe7 Rxc6
53. dxc6 Rd4+ 54. Kb5 1-0

[Event "Brno CEZ Talent"]
[Site "?"]
[Date "2013.08.25"]
[Round "1"]
[White "Sojka, Oldrich"]
[Black "Dvorak, Adam"]
[Result "0-1"]
[WhiteElo "1639"]
[BlackElo "2088"]
[PlyCount "62"]
[EventDate "2013.08.25"]

1. e4 c5 2. Bc4 e6 3. Nc3 a6 4. a3 b5 5. Ba2 Bb7 6. d3 Ne7 7. Nf3 d5 8. Bg5 b4
9. axb4 cxb4 10. Ne2 dxe4 11. dxe4 Qxd1+ 12. Rxd1 Bxe4 13. Bb3 Nbc6 14. Ba4 f6
15. Be3 Kf7 16. O-O Bxf3 17. gxf3 Ne5 18. Kg2 Nf5 19. f4 Nxe3+ 20. fxe3 Nc4 21.
Rd7+ Be7 22. Kf2 Nb6 23. Rxe7+ Kxe7 24. Bb3 e5 25. f5 Rhd8 26. Rg1 Kf8 27. Kf3
Rd2 28. h4 a5 29. Ng3 a4 30. Be6 Rxc2 31. Nh5 Rc7 0-1

[Event "Brno CEZ Talent"]
[Site "?"]
[Date "2013.08.25"]
[Round "1"]
[White "Lakatos, Tomas"]
[Black "Martirosyan, Ara"]
[Result "1-0"]
[WhiteElo "2087"]
[BlackElo "1610"]
[PlyCount "43"]
[EventDate "2013.08.25"]

1. Nc3 e5 2. e4 Nf6 3. f4 d5 4. fxe5 Nxe4 5. Nf3 Bc5 6. d4 Bb4 7. Bd2 Bxc3 8.
Bxc3 Nc6 9. Bd3 Bf5 10. O-O O-O 11. Be1 Bg4 12. c3 Ng5 13. Bd2 Ne4 14. Qe1 Nxd2
15. Qxd2 Ne7 16. Ng5 Ng6 17. h3 Bc8 18. Rae1 Qe7 19. Bxg6 hxg6 20. Qf4 f6 21.
exf6 Qxf6 22. Qh4 1-0

[Event "Brno CEZ Talent"]
[Site "?"]
[Date "2013.08.25"]
[Round "1"]
[White "Glacner, Karel"]
[Black "Skoda, Martin"]
[Result "0-1"]
[WhiteElo "1583"]
[BlackElo "2076"]
[PlyCount "110"]
[EventDate "2013.08.25"]

1. e4 c5 2. Nf3 e6 3. c3 d5 4. exd5 Qxd5 5. c4 Qh5 6. Nc3 Nf6 7. Be2 Be7 8. d3
e5 9. Ng5 Qg6 10. Bf3 Nc6 11. Nb5 O-O 12. Ne4 Bf5 13. Nbc3 Nd4 14. Nxf6+ Bxf6
15. Ne4 Rad8 16. O-O b6 17. Bh5 Bxe4 18. Bxg6 Bxg6 19. Re1 Nc6 20. Qa4 Nb4 21.
a3 {(R)} Nxd3 22. Rd1 Bh5 23. f3 e4 24. g4 Bd4+ 25. Kf1 Bg6 26. f4 f5 27. Qxa7
fxg4 28. Qxb6 e3 29. Bxe3 Nxf4 30. Bxf4 Rxf4+ 31. Kg2 Rdf8 32. Qe6+ Bf7 33. Qa6
Bxb2 34. Rab1 Bxc4 35. Qxc4+ Rxc4 36. Rxb2 h5 37. Rd7 Rcf4 38. Rc2 h4 39. Rd5
Rf3 40. Rd1 Rxa3 41. Rf1 Rxf1 42. Kxf1 Rf3+ 43. Kg1 Rf5 44. Rc4 g5 45. Kg2 Kf7
46. Ra4 Ke6 47. Rxg4 Kd5 48. Ra4 c4 49. Ra5+ Ke4 50. Rxf5 Kxf5 51. Kf3 g4+ 52.
Kf2 c3 53. Ke3 g3 54. hxg3 hxg3 55. Kd3 g2 0-1

[Event "Brno CEZ Talent"]
[Site "?"]
[Date "2013.08.25"]
[Round "1"]
[White "Richterova, Natasa"]
[Black "Nehyba, Martin"]
[Result "0-1"]
[WhiteElo "2059"]
[BlackElo "1566"]
[PlyCount "54"]
[EventDate "2013.08.25"]

1. e4 e5 2. Nf3 Nc6 3. Bc4 Nf6 4. d3 h6 5. O-O d6 6. c3 Bg4 7. Nbd2 Be7 8. Qb3
O-O 9. Qxb7 Na5 10. Qb5 c6 11. Qa4 Nd7 12. Qd1 Nxc4 13. Nxc4 f5 14. Ncd2 Bg5
15. Qb3+ Kh8 16. Nxg5 Qxg5 17. Nc4 Qe7 {(R)} 18. f3 Bh5 19. exf5 Qf6 20. Qb7
Qxf5 21. Qxc6 Qxd3 22. Qxd7 Qxc4 23. Qxd6 e4 24. Qe5 Bxf3 25. gxf3 exf3 26.
Bxh6 Qg4+ 27. Kh1 Qg2# 0-1

[Event "Brno CEZ Talent"]
[Site "?"]
[Date "2013.08.25"]
[Round "1"]
[White "Richterova, Julie"]
[Black "Panis, Radim"]
[Result "0-1"]
[WhiteElo "1437"]
[BlackElo "2052"]
[PlyCount "54"]
[EventDate "2013.08.25"]

1. d4 Nf6 2. c4 e6 3. Nc3 c5 4. e3 cxd4 5. exd4 d5 6. b3 Nc6 7. Bb2 dxc4 8. Nf3
cxb3 9. axb3 Bb4 10. Rc1 O-O 11. Be2 Nd5 12. O-O Nxc3 13. Bxc3 Bxc3 14. Rxc3
Qd6 15. Qd2 Rd8 16. Rd1 a6 17. Qc2 Nb4 18. Qd2 b5 19. Rc5 Nd5 20. Rdc1 Bb7 21.
h3 Nf4 22. Bd1 Rab8 23. b4 h6 24. Re5 Nxh3+ 25. gxh3 Bxf3 26. Bxf3 Qxe5 27.
dxe5 Rxd2 0-1

[Event "Brno CEZ Talent"]
[Site "?"]
[Date "2013.08.25"]
[Round "1"]
[White "Uhmann, Jan ml."]
[Black "Koci, Tereza"]
[Result "1-0"]
[WhiteElo "2046"]
[BlackElo "1426"]
[PlyCount "37"]
[EventDate "2013.08.25"]

1. e4 c5 2. c3 e6 3. d4 cxd4 4. cxd4 a6 5. d5 Nf6 6. Nc3 Bb4 7. Bg5 h6 8. Bh4
g5 9. Bg3 Nxe4 10. Qd4 Bxc3+ 11. bxc3 O-O 12. Qxe4 Qa5 13. Qf3 exd5 14. h4 d4
15. Ne2 Re8 16. hxg5 dxc3 17. Bf4 Nc6 18. Rxh6 Nb4 19. Qh3 1-0

[Event "Brno CEZ Talent"]
[Site "?"]
[Date "2013.08.25"]
[Round "1"]
[White "Hrdlicka, Vladan"]
[Black "Kuchynka, Lubos"]
[Result "0-1"]
[WhiteElo "1686"]
[BlackElo "2038"]
[PlyCount "86"]
[EventDate "2013.08.25"]

1. e4 c5 2. Nf3 d6 3. d4 cxd4 4. Nxd4 Nf6 5. Nc3 g6 6. Be3 Bg7 7. Qd2 Nc6 8. f3
Bd7 9. g4 Rc8 10. h4 h5 11. g5 Nh7 12. f4 O-O 13. Nxc6 Bxc6 14. Bd4 Qa5 15.
Bxg7 Kxg7 16. Qd4+ e5 17. Qd2 exf4 18. Qxf4 Bxe4 19. Rh3 Bxc2 20. Bd3 Rfe8+ 21.
Kd2 Bxd3 22. Rxd3 Re5 23. Rxd6 Rf5 24. Qd4+ Kg8 25. Re1 Qc5 26. Re7 Qxd4+ 27.
Rxd4 Rf2+ 28. Ne2 Nf8 29. Ke3 Rf1 30. Rxb7 Ne6 31. Rdb4 Rc2 32. Rxa7 Re1 33.
Rb8+ Kg7 34. Raa8 Rexe2+ 35. Kd3 Nf4+ 36. Kd4 Rcd2+ 37. Kc4 Rc2+ 38. Kd4 Ne6+
39. Kd3 Nc5+ 40. Kd4 Red2+ 41. Ke3 Rd3+ 42. Kf4 Rc4+ 43. Ke5 Nd7# 0-1

[Event "Brno CEZ Talent"]
[Site "?"]
[Date "2013.08.25"]
[Round "2"]
[White "Sremanak, Slavomir"]
[Black "Bernasek, Jan"]
[Result "0-1"]
[WhiteElo "2184"]
[BlackElo "2535"]
[PlyCount "68"]
[EventDate "2013.08.25"]

1. d4 Nf6 2. Nf3 e6 3. g3 b5 4. Bg2 Bb7 5. O-O c5 6. a4 b4 7. dxc5 Bxc5 8. a5
O-O 9. Nbd2 Na6 10. Qe1 Qc7 11. e4 e5 12. b3 Rfe8 13. Nh4 Bd4 14. Ra2 Nc5 15.
Nf5 d5 16. exd5 Bxd5 17. Nc4 Bxg2 18. Kxg2 Qc6+ 19. f3 Bc3 20. Qe3 e4 21. fxe4
Rxe4 22. Qf3 Re2+ 23. Rf2 Rxf2+ 24. Kxf2 Nce4+ 25. Kg2 Re8 26. Ncd6 Re6 27. Bg5
Qd5 28. Nxe4 Rxe4 29. Be3 g6 30. Nh6+ Kg7 31. Kf1 Qe6 32. Kf2 Be1+ 33. Ke2 Nd5
34. Ng4 h5 0-1

[Event "Brno CEZ Talent"]
[Site "?"]
[Date "2013.08.25"]
[Round "2"]
[White "Polak, Tomas"]
[Black "Kratochvil, Karel"]
[Result "1-0"]
[WhiteElo "2492"]
[BlackElo "2233"]
[PlyCount "63"]
[EventDate "2013.08.25"]

1. d4 Nf6 2. Nf3 c5 3. e3 e6 4. Bd3 b6 5. O-O Bb7 6. b3 Be7 7. Bb2 O-O 8. Nbd2
d6 9. Qe2 Nbd7 10. c4 Qc7 11. Rac1 Rac8 12. e4 e5 13. dxe5 dxe5 14. Nb1 Rfe8
15. Nc3 a6 16. Nd5 Bxd5 17. cxd5 b5 18. a4 c4 19. bxc4 bxa4 20. c5 Bxc5 21.
Bxa6 Rb8 22. Ba1 Rb4 23. Nd2 Qb6 24. Bc3 a3 25. Bxb4 Bxb4 26. Rc6 Qd4 27. Nf3
Qxe4 28. Qxe4 Nxe4 29. Rc4 Nd2 30. Nxd2 Bxd2 31. Bb5 Nb6 32. Rc2 1-0

[Event "Brno CEZ Talent"]
[Site "?"]
[Date "2013.08.25"]
[Round "2"]
[White "Blahynka, Martin"]
[Black "Plat, Vojtech"]
[Result "0-1"]
[WhiteElo "2166"]
[BlackElo "2470"]
[PlyCount "46"]
[EventDate "2013.08.25"]

1. d4 d6 2. Nf3 Nf6 3. c4 Nbd7 4. Nc3 e5 5. e4 c6 6. Be2 Be7 7. O-O O-O 8. Qc2
Qc7 9. Rd1 Re8 10. Rb1 a5 11. a3 Nf8 12. dxe5 dxe5 13. Na4 Bg4 14. Be3 Ne6 15.
Ng5 Nd4 16. Bxd4 exd4 17. c5 Bxe2 18. Qxe2 Qe5 19. Nf3 Qxe4 20. Qxe4 Nxe4 21.
Rbc1 Rad8 22. Rxd4 Bxc5 23. Rxe4 Rxe4 0-1

[Event "Brno CEZ Talent"]
[Site "?"]
[Date "2013.08.25"]
[Round "2"]
[White "Svoboda, Vaclav"]
[Black "Fiala, Vaclav"]
[Result "1-0"]
[WhiteElo "2424"]
[BlackElo "2192"]
[PlyCount "91"]
[EventDate "2013.08.25"]

1. e4 c5 2. Nf3 e6 3. d4 cxd4 4. Nxd4 a6 5. Bd3 Nf6 6. O-O d6 7. c4 Nc6 8. Be3
Be7 9. Nc3 O-O 10. Rc1 Re8 11. h3 g6 12. Qd2 d5 13. cxd5 exd5 14. Nxc6 bxc6 15.
e5 d4 16. exf6 dxe3 17. fxe7 exd2 18. exd8=Q Rxd8 19. Rc2 Rxd3 20. Rd1 Bf5 {(R)
} 21. Rcxd2 Rad8 22. Rxd3 Rxd3 23. Rxd3 Bxd3 24. Na4 a5 25. Nc5 Bb1 26. a3 Kf8
27. Kf1 Ba2 28. g3 Ke7 29. Ke2 Kd6 30. Nb7+ Kc7 31. Nxa5 Kb6 32. b4 Kb5 33. Kd2
c5 34. Kc3 Bd5 35. Nb3 cxb4+ 36. axb4 f6 37. Nd4+ Kb6 38. Kd3 Kc7 39. Ne2 g5
40. Nc3 Be6 41. Ne4 Bxh3 42. Nxf6 Kc6 43. Kd4 h6 44. Ne4 Kb5 45. Nd6+ Kxb4 46.
Nf7 1-0

[Event "Brno CEZ Talent"]
[Site "?"]
[Date "2013.08.25"]
[Round "2"]
[White "Pekar, Vaclav"]
[Black "Velicka, Petr"]
[Result "0-1"]
[WhiteElo "2146"]
[BlackElo "2421"]
[PlyCount "58"]
[EventDate "2013.08.25"]

1. c4 Nf6 2. g3 c6 3. Nf3 d5 4. b3 Bg4 5. d4 Bxf3 6. exf3 e6 7. Be2 Bb4+ 8. Kf1
Be7 9. Kg2 O-O 10. Nc3 Nbd7 11. Be3 a6 12. f4 b5 13. cxd5 cxd5 14. a4 b4 15.
Nb1 Ne4 16. f3 Nd6 17. g4 Qb6 18. Ra2 Rfc8 19. Rc2 Rxc2 20. Qxc2 Rc8 21. Qd3 a5
22. Rd1 Rc6 23. Kg3 Qc7 24. Rd2 Nc8 25. Bd1 Bd6 26. Rc2 g5 27. Rxc6 Bxf4+ 28.
Kh3 Qxc6 29. Bxf4 gxf4 0-1

[Event "Brno CEZ Talent"]
[Site "?"]
[Date "2013.08.25"]
[Round "2"]
[White "Ponizil, Cyril"]
[Black "Kratochvil, Milan"]
[Result "1-0"]
[WhiteElo "2421"]
[BlackElo "2180"]
[PlyCount "91"]
[EventDate "2013.08.25"]

1. e4 e5 2. Nf3 Nf6 3. Nxe5 d6 4. Nf3 Nxe4 5. Bd3 Nc5 6. Be2 d5 7. d4 Ne4 8.
O-O Be7 9. c4 dxc4 10. Nc3 Nd6 11. Ne5 O-O 12. Nxc4 Nxc4 13. Bxc4 Nc6 14. d5
Ne5 15. Bb3 Bf5 16. Re1 Bd6 17. Bf4 Qf6 18. Ne4 Bxe4 19. Rxe4 Rfe8 20. Qd4 Re7
21. Kf1 Rae8 22. Rae1 Nd3 23. Qxf6 gxf6 24. Rxe7 Bxe7 25. Ba4 c6 26. dxc6 bxc6
27. Bxc6 Rc8 28. Rxe7 Nxf4 29. Re8+ Rxe8 30. Bxe8 Nd3 31. Bb5 Ne5 32. Ke2 Kf8
33. Ke3 Ke7 34. f4 Ng4+ 35. Kf3 f5 36. h3 Nf6 37. Bd3 Ke6 38. b4 Kd5 39. Bxf5
Kc4 40. g4 h5 41. g5 Ne8 42. Bc2 Kxb4 43. f5 f6 44. h4 a5 45. Kf4 a4 46. Bd1
1-0

[Event "Brno CEZ Talent"]
[Site "?"]
[Date "2013.08.25"]
[Round "2"]
[White "Dvorak, Adam"]
[Black "Zwardon, Vojtech"]
[Result "0-1"]
[WhiteElo "2088"]
[BlackElo "2384"]
[PlyCount "96"]
[EventDate "2013.08.25"]

1. d4 Nf6 2. c4 e5 3. dxe5 Ng4 4. Nf3 Bc5 5. e3 Nc6 6. Be2 O-O 7. O-O Re8 8.
Nc3 a5 9. b3 Ncxe5 10. Nxe5 Nxe5 11. Bb2 Ra6 12. Ne4 Ba7 13. Ng3 Rh6 14. Qc2
Qh4 15. h3 d6 16. Nf5 Bxf5 17. Qxf5 Rf6 18. Qh5 Qe4 19. Bxe5 Rf5 20. Qg4 Qxe5
21. Rae1 Re6 22. Bd3 Rff6 23. Kh1 Qc3 24. Rd1 Bc5 25. Qe2 Qe5 26. Bb1 c6 27.
Rd3 Qf4 28. Rdd1 Qh6 29. Qg4 g6 30. g3 Qf8 31. Kg2 Qe7 32. e4 h5 33. Qe2 h4 34.
f4 {(R)} hxg3 35. Kxg3 Qf8 36. Qg4 Qh6 37. e5 dxe5 38. f5 Rd6 39. Rde1 Be3 40.
h4 Rd4 41. Be4 Kh8 42. Kh3 Bf4 43. fxg6 Rd2 44. Rxf4 Rxf4 45. g7+ Qxg7 46. Qh5+
Kg8 47. Re3 Rxe4 48. Rg3 Re3 0-1

[Event "Brno CEZ Talent"]
[Site "?"]
[Date "2013.08.25"]
[Round "2"]
[White "Chytilek , Roman"]
[Black "Vechet, Stanislav"]
[Result "1/2-1/2"]
[WhiteElo "2382"]
[BlackElo "2165"]
[PlyCount "141"]
[EventDate "2013.08.25"]

1. d4 d5 2. c4 e6 3. Nc3 Nf6 4. cxd5 exd5 5. Bg5 Be7 6. Qc2 c6 7. e3 Nbd7 8.
Bd3 O-O 9. Nf3 Re8 10. h3 Nf8 11. Bf4 Nh5 12. Be5 f6 13. Bh2 g6 14. g4 Ng7 15.
O-O-O Be6 16. Kb1 a5 17. e4 dxe4 18. Bxe4 Rc8 19. d5 cxd5 20. Bxd5 Bxd5 21.
Rxd5 Qb6 22. Qb3 Qxb3 23. axb3 Bb4 24. Rc1 Nge6 25. Rb5 Red8 26. Nd5 Rxc1+ 27.
Kxc1 Rc8+ 28. Kb1 Rc5 29. Ne7+ Kf7 30. Rxb7 Nd8 31. Ra7 Ke8 32. Bd6 Rb5 33. Nd5
Rb7 34. Nxf6+ Kf7 35. Rxb7+ Nxb7 36. Bxb4 axb4 37. Nd5 Nc5 38. Ng5+ Kg7 39.
Nxb4 h6 40. Nf3 Nfe6 41. Kc2 Nf4 42. h4 Kf6 43. Kd2 g5 44. hxg5+ hxg5 45. Nd4
Ke5 46. Nf3+ Kf6 47. Nd4 Ke5 48. Nbc6+ Kd5 49. f3 Ncd3 50. Kc3 Nc1 51. Ne7+ Ke5
52. Nef5 Nd5+ 53. Kc4 Nb6+ 54. Kb5 Nd5 55. b4 Nd3 56. Nc6+ Kf4 57. Kc4 N5xb4
58. Nxb4 Nxb2+ 59. Kb3 Kxf3 60. Nh6 Nd1 61. Nd3 Ne3 62. Ne5+ Ke4 63. Ng6 Kf3
64. Ne5+ Ke4 65. Nc4 Nd5 66. Kc2 Kd4 67. Nd6 Ke3 68. Kd1 Kf4 69. Ke2 Nf6 70.
Nc4 Nxg4 71. Nxg4 1/2-1/2

[Event "Brno CEZ Talent"]
[Site "?"]
[Date "2013.08.25"]
[Round "2"]
[White "Lanc, Alois"]
[Black "Cizinsky, Petr"]
[Result "1-0"]
[WhiteElo "2363"]
[BlackElo "2145"]
[PlyCount "59"]
[EventDate "2013.08.25"]

1. e4 c5 2. Nf3 d6 3. Nc3 Nf6 4. d4 cxd4 5. Nxd4 a6 6. Bc4 e6 7. a4 Be7 8. Bb3
O-O 9. O-O Nc6 10. Kh1 Qc7 11. f4 b6 12. f5 Nxd4 13. Qxd4 Rb8 14. Qd3 Qc6 15.
Bg5 Kh8 16. fxe6 Bxe6 17. Qxa6 h6 18. Nd5 hxg5 19. Nxe7 Qd7 20. Nd5 Nxe4 21.
Qe2 Bxd5 22. Qh5+ Kg8 23. Bxd5 Nf6 24. Rxf6 gxf6 25. Qg6+ Kh8 26. Qxf6+ Kg8 27.
Qxg5+ Kh7 28. g4 f6 29. Be4+ Kh8 30. Qh6+ 1-0

[Event "Brno CEZ Talent"]
[Site "?"]
[Date "2013.08.25"]
[Round "2"]
[White "Skoda, Martin"]
[Black "Roubalik, Jakub"]
[Result "0-1"]
[WhiteElo "2076"]
[BlackElo "2344"]
[PlyCount "56"]
[EventDate "2013.08.25"]

1. e4 e5 2. Nf3 Nf6 3. Nxe5 d6 4. Nf3 Nxe4 5. Nc3 Nxc3 6. dxc3 Be7 7. Be3 O-O
8. Qd2 Nd7 9. O-O-O c6 10. Nd4 Nc5 11. f3 Re8 12. Kb1 Bf6 13. g4 Qe7 14. Bf4
Be5 15. Bg5 Qf8 16. Bd3 Nxd3 17. Qxd3 Bd7 18. Nf5 d5 19. Rhe1 f6 20. Bc1 Bc7
21. Ne3 Rad8 22. Rg1 Qf7 23. Ng2 Bc8 24. g5 fxg5 25. Bxg5 Bf5 26. Qd2 Rd6 27.
Nh4 Rde6 28. Rg2 Bh3 0-1

[Event "Brno CEZ Talent"]
[Site "?"]
[Date "2013.08.25"]
[Round "2"]
[White "Panis, Radim"]
[Black "Kireev, Aleksei"]
[Result "0-1"]
[WhiteElo "2052"]
[BlackElo "2337"]
[PlyCount "62"]
[EventDate "2013.08.25"]

1. e4 d6 2. d4 g6 3. Be3 e5 4. dxe5 dxe5 5. Qxd8+ Kxd8 6. Bc4 f6 7. Nc3 c6 8.
O-O-O+ Nd7 9. a3 Bh6 10. Bxh6 Nxh6 11. f3 Ke7 12. Nge2 b5 13. Ba2 a5 14. b4 Nb6
15. Kb1 Be6 16. Bxe6 Kxe6 17. Rd3 Nc4 18. Na2 Ra7 19. a4 axb4 20. axb5 c5 21.
Rhd1 Nf7 22. Rb3 Na3+ 23. Kb2 Rha8 24. Nxb4 cxb4 25. Rxb4 Nd6 26. Nc3 Nac4+ 27.
Kc1 Ra1+ 28. Nb1 Na3 29. Kd2 Ndxb5 30. Nxa3 Rd8+ 31. Ke2 Nc3+ 0-1

[Event "Brno CEZ Talent"]
[Site "?"]
[Date "2013.08.25"]
[Round "2"]
[White "Kuchynka, Lukas"]
[Black "Dobes, Vojtech"]
[Result "1/2-1/2"]
[WhiteElo "2316"]
[BlackElo "2105"]
[PlyCount "83"]
[EventDate "2013.08.25"]

1. d4 Nf6 2. Nf3 e6 3. e3 c5 4. Bd3 Nc6 5. O-O d5 6. b3 Be7 7. Bb2 O-O 8. Nbd2
b6 9. Ne5 Bb7 10. f4 Rc8 11. a3 Nxe5 12. fxe5 Ne4 13. Bxe4 dxe4 14. c4 Bg5 15.
Qe2 f6 16. exf6 Bxf6 17. Qg4 cxd4 18. Nxe4 Bxe4 19. Qxe4 e5 20. Rad1 Re8 21.
Qg4 Qe7 22. exd4 exd4 23. Bxd4 Bxd4+ 24. Rxd4 Qe3+ 25. Kh1 Rcd8 26. Rd7 Rxd7
27. Qxd7 Qe7 28. Qxe7 Rxe7 29. h3 Re2 30. Rf3 Ra2 31. a4 Rb2 32. h4 g6 33. Kh2
Kg7 34. Kh3 h5 35. g3 a5 36. Rd3 Kh6 37. g4 hxg4+ 38. Kxg4 Rg2+ 39. Kf4 Rb2 40.
Ke5 Kh5 41. Kd5 Rf2 42. Rg3 1/2-1/2

[Event "Brno CEZ Talent"]
[Site "?"]
[Date "2013.08.25"]
[Round "2"]
[White "Chudinovskis, Alexander"]
[Black "Musil, Jiri"]
[Result "1/2-1/2"]
[WhiteElo "2299"]
[BlackElo "2092"]
[PlyCount "64"]
[EventDate "2013.08.25"]

1. d4 Nf6 2. Nf3 e6 3. g3 b6 4. Bg2 Bb7 5. O-O Be7 6. c4 O-O 7. Nc3 d5 8. Ne5
Nbd7 9. Qa4 c5 10. cxd5 cxd4 11. Nxd7 Qxd7 12. Qxd7 Nxd7 13. dxe6 Bxg2 14. Kxg2
fxe6 15. Nb5 e5 16. e3 Rfc8 17. exd4 a6 18. Nc3 exd4 19. Ne2 d3 20. Nf4 Ne5 21.
Bd2 Rc2 22. Bc3 Nc4 23. Rae1 Bf6 24. Nxd3 Bxc3 25. bxc3 Rxc3 26. Nb4 b5 27. Re7
a5 28. Nd5 Rc2 29. Rd1 Rd8 30. Rd4 Rd2 31. Rg4 R2xd5 32. Rgxg7+ Kf8 1/2-1/2

[Event "Brno CEZ Talent"]
[Site "?"]
[Date "2013.08.25"]
[Round "2"]
[White "Kuchynka, Lubos"]
[Black "Karlik, Vladimir"]
[Result "0-1"]
[WhiteElo "2038"]
[BlackElo "2284"]
[PlyCount "94"]
[EventDate "2013.08.25"]

1. d4 d6 2. Nf3 Nf6 3. c4 Bf5 4. Nc3 g6 5. Nd2 e5 6. d5 Bg7 7. e4 Bd7 8. Be2 a5
9. b3 Na6 10. Bb2 O-O 11. O-O h5 12. a3 Bh6 13. Re1 Nc5 14. Bc1 Kg7 15. Bf1 h4
16. Nf3 Bxc1 17. Rxc1 h3 18. g3 Bg4 19. b4 axb4 20. axb4 Bxf3 21. Qxf3 Nb3 22.
Rcd1 Nd4 23. Qd3 Qd7 24. Ne2 Nxe2+ 25. Bxe2 Ra4 26. Rb1 Rfa8 27. Bd1 Ra3 28.
Bb3 b6 29. f3 Qa4 30. Qc3 Qa7 31. Qe3 Qb8 32. Qc3 Nd7 33. f4 Qa7 34. Qe3 Nf6
35. fxe5 Ng4 36. Qc3 Nxe5 37. Rf1 Kg8 38. Rf4 Ra1 39. Rff1 Rxb1 40. Rxb1 Nxc4
41. Bxc4 b5+ 42. Kf1 bxc4 43. Qxc4 Qe3 44. Qe2 Qc3 45. Kf2 Ra3 46. b5 Qd4+ 47.
Kf1 Re3 0-1

[Event "Brno CEZ Talent"]
[Site "?"]
[Date "2013.08.25"]
[Round "2"]
[White "Dambrauskas, Virginijus"]
[Black "Lakatos, Tomas"]
[Result "1-0"]
[WhiteElo "2280"]
[BlackElo "2087"]
[PlyCount "149"]
[EventDate "2013.08.25"]

1. d4 d5 2. c4 c6 3. e3 Nf6 4. Nc3 e6 5. Qc2 Nbd7 6. Nf3 Bd6 7. b3 O-O 8. Bb2
Qe7 9. Be2 Rd8 10. O-O Nf8 11. Ne5 N6d7 12. f4 f5 13. c5 Bxe5 14. fxe5 h6 15.
b4 Nh7 16. b5 Ndf8 17. a4 Ng5 18. Bc1 Ne4 19. Nxe4 fxe4 20. bxc6 bxc6 21. Bd2
Ng6 22. Ba5 Re8 23. Rab1 Qg5 24. Qd2 Nh4 25. g3 Nf5 26. Rf4 Qe7 27. g4 Nh4 28.
Qe1 Ng6 29. Rf1 Bb7 30. Qg3 Rf8 31. Rxf8+ Rxf8 32. Rf1 Bc8 33. Rxf8+ Kxf8 34.
Qe1 Qg5 35. Qf2+ Kg8 36. Kf1 Qe7 37. Qe1 Nh4 38. Qf2 Ng6 39. Kg2 Nh4+ 40. Kg1
Ng6 41. Qg3 Kh7 42. Be1 Bd7 43. h4 Be8 44. Qh3 Nh8 45. Qf1 Ng6 46. Qf2 Kg8 47.
Bf1 Qb7 48. Kh2 Qb3 49. a5 Bf7 50. Qd2 Kh7 51. Qf2 Kg8 52. Kg3 Be8 53. Qd2 Kh7
54. Qc3 Qd1 55. Bg2 h5 56. gxh5 {(R)} Qxh5 57. Kh3 Nxh4 58. Bxh4 g5 59. Qe1 Bg6
60. Kh2 gxh4 61. Qf1 Bf5 62. Qa6 h3 63. Bf1 Qf3 64. Qe2 Qxe2+ 65. Bxe2 Kg6 66.
Ba6 Kf7 67. Bb7 Ke7 68. Bxc6 Kd8 69. Bb5 Kc7 70. Bf1 Kd7 71. Bxh3 Bxh3 72. Kxh3
Kc6 73. Kg4 Kb5 74. c6 Kxc6 75. Kg5 1-0

[Event "Brno CEZ Talent"]
[Site "?"]
[Date "2013.08.25"]
[Round "2"]
[White "Nehyba, Martin"]
[Black "Kantorik, Marian"]
[Result "0-1"]
[WhiteElo "1566"]
[BlackElo "2280"]
[PlyCount "62"]
[EventDate "2013.08.25"]

1. e4 Nf6 2. Nc3 d5 3. exd5 Nxd5 4. Nxd5 Qxd5 5. Nf3 Nc6 6. d3 e5 7. Be3 Be7 8.
d4 exd4 9. Nxd4 O-O 10. Nxc6 Qxc6 11. f3 Bf6 12. Be2 Re8 13. Qc1 Qe6 14. Kf2
Bxb2 15. Qd2 Bxa1 16. Rxa1 Bd7 17. Rb1 Bc6 18. Bb5 Qxa2 19. Bxc6 Qxb1 20. Bxe8
Rxe8 21. Qd7 Qxc2+ 22. Kg3 Qc6 23. Qd4 Qd6+ 24. Qxd6 cxd6 25. Bxa7 b5 26. Bd4
b4 27. Kf2 b3 28. h4 Rb8 29. Bb2 Rc8 30. Ke3 Rc2 31. Ba3 b2 0-1